000 00572nam a2200193Ia 4500
005 20260114185645.0
008 008 260114s9999 xx 000 0 eng d
020 _a9781472583079
037 _aEBOOK
040 _aCRL
_beng
_cCRL
041 _aeng
_2eng
084 _qCRL
100 _aSir Winston S. Churchill
_9872776
245 0 _aMarlborough Volume III & IV His Life and Times
260 _bBloomsbury
_c2014
856 _uhttps://doi.org/10.5040/9781472583079?locatt=label:secondary_bloomsburyCollections
942 _cEBOOK
999 _c1471724
_d1471724